| 000 | 00965nam a2200241Ia 4500 | ||
|---|---|---|---|
| 003 | OSt | ||
| 005 | 20200727205216.0 | ||
| 008 | 191128s1994 ck fr 000 0 spa d | ||
| 020 | _a9589560326 | ||
| 040 |
_aCO-JMCR _cCO-JMCR |
||
| 041 | 0 | _aspa | |
| 082 | 0 | 4 |
_a340 / _bN778i _223 |
| 100 | 1 |
_aNoguera Laborde, Rodrigo, _eautor _97924 |
|
| 245 | 1 | 0 |
_aIntroducción general al derecho : _bintroducción a la filosofía del derecho / _cRodrigo Noguera Laborde |
| 250 | _aPrimera edición | ||
| 260 |
_aBogotá : _bInstitución Universitaria Sergio Arboleda, _c1994 |
||
| 300 |
_a188 páginas ; _c23 cm. |
||
| 490 | 0 |
_aMajor ; _v3 |
|
| 505 | 0 | _aConcepto del derecho -- El derecho, la moral y los usos sociales -- La norma jurídica -- La relación jurídica, el derecho subjetivo y la obligación jurídica -- Las personas desde el punto de vista jurídico | |
| 650 | 1 | 4 |
_aFilosofía del derecho _97925 |
| 650 | 1 | 4 |
_aValores (Filosofía) _97926 |
| 942 |
_2ddc _cBK |
||
| 999 |
_c3438 _d3438 |
||